|
|
|
|
| LEADER |
01085nam a2200265 a 4500 |
| 001 |
1316012 |
| 008 |
100222s1977 enkac 000 0 eng d |
| 010 |
|
|
|a 77573844
|
| 020 |
|
|
|a 0042900115
|
| 040 |
|
|
|a DLC
|c DLC
|d DLC
|d BD-DhAAL
|
| 082 |
0 |
0 |
|a 294.3/927
|2 17
|
| 100 |
1 |
|
|a Dürckheim, Karlfried,
|c Graf,
|d 1896-1988.
|
| 240 |
1 |
0 |
|a Hara.
|l English
|
| 245 |
1 |
0 |
|a Hara :
|b the vital centre of man /
|c Karlfried Graf von Dürckheim ; translated from the German by Sylvia-Monica von Kospoth in collaboration with Estelle R. Healey.
|
| 260 |
|
|
|a London :
|b Unwin Books,
|c 1977.
|
| 300 |
|
|
|a [6], 208 p. :
|b ill., ports. ;
|c 20 cm.
|
| 500 |
|
|
|a "A Mandala book."
|
| 500 |
|
|
|a Translation of Hara, die Erdmitte des Menschen.
|
| 541 |
1 |
|
|e 00004550
|
| 650 |
|
0 |
|a Fortitude.
|
| 650 |
|
0 |
|a Yoga.
|
| 650 |
|
0 |
|a Ethics
|z Japan.
|
| 852 |
4 |
|
|a Ayesha Abed Library
|j General shelf
|
| 999 |
|
|
|c 7630
|d 7630
|
| 952 |
|
|
|0 0
|1 0
|2 ddc
|4 0
|6 294_392700000000000_DUR_1977
|7 0
|9 8339
|a BRACUL
|b BRACUL
|c GEN
|d 2010-02-22
|g 0.00
|l 1
|m 4
|o 294.3927 DUR
|p 3010004550
|r 2013-03-06
|s 2013-01-30
|t 1
|w 2010-02-22
|y BK
|z Not price in Register
|